Notas abiertas al Fedón de Platón (57a-61b) (Record no. 671412)
[ view plain ]
| 000 -CABECERA | |
|---|---|
| Campo de control de longitud fija | 00452nab a2200145Ia 4500 |
| 003 - IDENTIFICADOR DEL NÚMERO DE CONTROL | |
| Campo de control | ES-SlBCS |
| 005 - FECHA Y HORA DE LA ÚLTIMA TRANSACCIÓN | |
| Campo de control | 20210601142106.0 |
| 008 - CÓDIGOS DE INFORMACIÓN DE LONGITUD FIJA | |
| Campo de control de longitud fija | 140529s2008 xxu||||| |||| 00| 0 spa d |
| 041 ## - CÓDIGO DE LENGUA | |
| Código de lengua del texto/banda sonora o título independiente | spa |
| 100 1# - PUNTO DE ACCESO PRINCIPAL-NOMBRE DE PERSONA | |
| Nombre de persona | Ríos López, Martín |
| 9 (RLIN) | 264726 |
| 245 00 - MENCIÓN DE TÍTULO | |
| Título | Notas abiertas al Fedón de Platón (57a-61b) |
| Mención de responsabilidad, etc. | Martín Ríos López |
| 600 04 - PUNTO DE ACCESO ADICIONAL DE MATERIA-NOMBRE DE PERSONA | |
| Nombre personal | Platón-Fedón |
| 9 (RLIN) | 159034 |
| 773 0# - ENLACE AL DOCUMENTO FUENTE | |
| Título | Hermenéutica Intercultural |
| Parte(s) relacionada(s) | nº. 17, 2008, págs. 91-106 |
| Número de control del registro relacionado | Rev1232 |
| 942 ## - ENTRADA DE ELEMENTOS AGREGADOS (KOHA) | |
| Koha [por defecto] tipo de item | Artículos de revista |
| Suprimido | Perdido | Estropeado | No para préstamo | Localización permanente | Localización actual | Localización en estantería | Fecha adquisición | Préstamos totales | Fecha última consulta | Fecha del precio de reemplazo | Tipo de item de Koha |
|---|---|---|---|---|---|---|---|---|---|---|---|
| San Esteban | San Esteban | Depósito de revistas | 11/07/2014 | 11/07/2014 | 11/07/2014 | Artículos de revista |
